| 000 | 00845nam a22002177a 4500 | ||
|---|---|---|---|
| 999 |
_c16918 _d16918 |
||
| 003 | AR-CdUCM | ||
| 008 | 190506b ||||| |||| 00| 0 spa d | ||
| 040 |
_aMUNICIPALIDAD PROVINCIAL DEL CUSCO _cBIBLIOTECA MUNICIPAL DEL CUSCO |
||
| 082 |
_a860.96 / _bR585 |
||
| 100 |
_aRío, Ángel del _914413 |
||
| 245 | _aEstudios sobre literatura contemporánea española / | ||
| 260 |
_aEspaña : _bGredos, _c1966. |
||
| 300 |
_a320 páginas ; _c19 cm. |
||
| 440 |
_aBiblioteca romántica hispánica _935840 |
||
| 505 | _aContenido: Las novelas ejemplares del Unamuno -- Unamuno y Ortega y Gasset -- Ramon Menendez Pidal: vida y obra -- El españolismo en la obra de Ruben Dario... | ||
| 650 |
_aPoesía e historia _936667 |
||
| 650 |
_aRomanticismo _9518 |
||
| 650 |
_aLiteratura española _9362 |
||
| 942 |
_2ddc _cLIBROS |
||
| 945 |
_adavv _d06/05/2019 |
||